Cooperation between Universities and Practice in Slovak Republic
Formy spolupráce medzi univerzitami a podnikmi. Rozdelenie spolupráce podľa dĺžky trvania - dlhodobá spolupráca, strednodobá spolupráca a krátko trvajúca spolupráca. Rozdelenie spolupráce podľa jej náplne. Spolupráca v čase spracovania vedomostí.
Saved in:
| Main Author: | |
|---|---|
| Format: | Book Chapter |
| Language: | English |
| Subjects: | |
| Tags: |
No Tags, Be the first to tag this record!
|
MARC
| LEADER | 00000naa$a2200000$$$4500 | ||
|---|---|---|---|
| 001 | 0114013 | ||
| 005 | 20240502083303.5 | ||
| 041 | 0 | |a eng | |
| 044 | |a CZ | ||
| 245 | 1 | 0 | |a Cooperation between Universities and Practice in Slovak Republic |c Elena Šúbertová |
| 520 | |a Formy spolupráce medzi univerzitami a podnikmi. Rozdelenie spolupráce podľa dĺžky trvania - dlhodobá spolupráca, strednodobá spolupráca a krátko trvajúca spolupráca. Rozdelenie spolupráce podľa jej náplne. Spolupráca v čase spracovania vedomostí. | ||
| 610 | 2 | 0 | |a kooperácia |
| 610 | 2 | 0 | |a univerzity |
| 610 | 2 | 0 | |a podnik |
| 610 | 2 | 0 | |a výučba vedecká |
| 610 | 2 | 0 | |a vedomosti |
| 610 | 2 | 0 | |a Slovensko |
| 100 | 1 | |a Šúbertová, Elena | |